01587cam a22002891 450000100100000000500170001000800410002704000250006808200180009310000830011124501820019426000390037630000190041550000410043450001090047550001180058450501910070265000680089365000370096165000240099870000380102270000350106070000320109570000340112795201210116199900150128200000426420200929151423.0941119s1946 ag 000 0 spa  aDO-SdBNPbspacBNPHU a809.03bB817g1 aBrandes, Georg Morris Cohen.q(Georg Morris Cohen Brandes),d1842-1927.91260614aLas grandes corrientes de la literatura en el siglo XIX /cGeorg Morris Cohen Brandes ; traducción V. Arobon Fernández, S. M. Neuschlosz, Ángela Romera y Marta E. Samatan. aBuenos Aires :bAmericalee,c1946. a6 v. ;c24 cm. aLa biblioteca posee el vol. Segundo. aThe Danish original was pub. 1872-1890 under title: Hovedstrmninger i det 19 de aarhundredes litteratur. a"Traduccion ... por V. Orobon Fernandez ... Dr. S. M. Neuschlosz ... las Dras. Angela Romera y Marta E. Samatan."0 av. 1. La literatura de emigrantes. La escuela romántica en Alemania. La Francia en Reaccion. El Naturalista en Inglaterra -- v. 2. La escuela romántica en Francia. La joven Alemania. 0aLiterature, moderny19th centuryxHistory and criticism.912607 0aNaturalism in literature.912608 0aRomanticism.9126091 aOrobon Fernandez, V.,etr.9126101 aNeuschlosz, s. m.,etr.9126111 aRomera, Angela,etr.9126121 aSamatan Marta E.,etr.912613 001052708MOaGRbGRcHDd2009-07-20iLF1l0o809.03 B817gp4264-10r2020-06-25w2020-06-25y2ZPréstamo interno c4078d4078